Encyclopaedia Of Computer & Information Technology : Vol 2 (Record no. 367072)

MARC details
000 -LEADER
fixed length control field 00671nam a2200217Ia 4500
005 - DATE AND TIME OF LATEST TRANSACTION
control field 20250623163354.0
008 - FIXED-LENGTH DATA ELEMENTS--GENERAL INFORMATION
fixed length control field 230125s9999 xx 000 0 und d
020 ## - INTERNATIONAL STANDARD BOOK NUMBER
International Standard Book Number 8178841495
041 ## - LANGUAGE CODE
Language code of text/sound track or separate title eng
082 ## - DEWEY DECIMAL CLASSIFICATION NUMBER
Classification number 003.54
Item number JAI
100 ## - MAIN ENTRY--PERSONAL NAME
Author Jain V K
245 ## - TITLE STATEMENT
Title Encyclopaedia Of Computer & Information Technology : Vol 2
250 ## - EDITION STATEMENT
Edition statement 1st Ed.
260 ## - PUBLICATION, DISTRIBUTION, ETC.
Date of publication, distribution, etc. 2005
Name of publisher, distributor, etc. Cyber tech publisher
Place of publication, distribution, etc. New Delhi
300 ## - PHYSICAL DESCRIPTION
Extent 396p
500 ## - GENERAL NOTE
Keywords encyclopaedia;Information technology;Encyclopaedia of Information Technology
650 ## - SUBJECT ADDED ENTRY--TOPICAL TERM
Topical term or geographic name entry element encyclopaedia;Information technology;Encyclopaedia of Information Technology
700 ## - ADDED ENTRY--PERSONAL NAME
Personal name Jain V K
942 ## - ADDED ENTRY ELEMENTS (KOHA)
Koha item type Books
906 ## - LOCAL DATA ELEMENT F, LDF (RLIN)
b 420
Holdings
Withdrawn status Lost status Damaged status Not for loan Home library Current library Date acquired Vendor Full call number Barcode Date last seen Bill Date Koha item type Original Barcode
      Reference Smt. Hiraben Nanavati Institute of Management & Research for Women Smt. Hiraben Nanavati Institute of Management & Research for Women 06/02/2020 Satya Gilani 003.54 JAI B19598 HIMR-BK-19598 25/01/2023 25/01/2023 Books B19598